Laguna en peligro : cuentos de meristemo 2 :

Guardado en:
Autor Principal: Rey, Rosa María
Otros Autores: Larrocha, Adela María de
Formato: Libro
Publicado: Buenos Aires : Colihue, 1991
Materias:
Etiquetas: Agregar Etiqueta
Sin Etiquetas, Sea el primero en etiquetar este registro!
LEADER 01067nam a22002775a 4500
001 CEM.cems012482
005 20070419143110.0
008 130507s1991##################000#0#####d
003 CEMS
020 |a 9505817169 
082 0 4 |a 372.41 
100 1 |a Rey, Rosa María 
245 1 0 |a Laguna en peligro :  |b cuentos de meristemo 2 :  |c Rosa María Rey ; adela María de Larrocha 
260 |a Buenos Aires :  |b Colihue,  |c 1991 
300 |a 47 p. 
500 |a Equipo integral para el aprendizaje de la lectoescritura 
505 0 |a Lotería ¿con c con qu? -- Dominó -- Juegos de naipes -- El gran robo -- Las haches vienen y van -- ¿Dónde esta? -- Naipes uno más uno, una -- Dado de colores -- Dado del tiempo 
653 |a Biblioteca maría de los angeles saggio 
653 |a Lengua 
653 |a Educación primaria 
653 |a Lectoescritura-aprendizaje 
653 |a Lectoescritura-juegos 
653 |a Educación-juegos 
653 |a Lengua-1 egb 
700 1 |a Larrocha, Adela María de 
859 |a CEMS  |b BIB. CEMS - 11 de abril  |h 372.41  |i R329-1  |p 23761.07  |t Ej.1  |v 2  |3 2